00000000cam 2200000zi 4500
0019.557235
003CaOODSP
00520260511153621
006m     o  d f      
007cr |||||||||||
008260508e198803##oncd||||ob   f00| 0 eng d
022 |z0704-3694
040 |aCaOODSP|beng|erda|cCaOODSP
0410 |aeng|bfre
043 |an-cn---
0861 |aFs97-14/188-1988E-PDF|zFs97-14/188E
1001 |aRidler, Neil B., |eauthor.
24510|aEconomic aspects of salmon aquaculture in Atlantic Canada / |cby N.B. Ridler and M. Kabir.
260 |a[Ottawa] : |bFisheries and Oceans Canada, |cMarch 1988.
300 |a1 online resource (iv, 13 pages) : |bcharts.
336 |atext|btxt|2rdacontent
337 |acomputer|bc|2rdamedia
338 |aonline resource|bcr|2rdacarrier
4901 |aCanadian industry report of fisheries and aquatic sciences ; |vno. 188
500 |aDigitized edition from print [produced by Department of Fisheries and Oceans].
504 |aIncludes bibliographical references (page 13).
546 |aIncludes abstracts in English and French.
650 0|aAtlantic salmon|zCanada.
650 0|aFish culture|xEconomic aspects|zAtlantic Coast (Canada).
650 6|aSaumon atlantique|zCanada.
650 6|aPisciculture|xAspect économique|zAtlantique, Côte de l' (Canada)
7101 |aCanada. |bDepartment of Fisheries and Oceans, |eissuing body.
830#0|aCanadian industry report of fisheries and aquatic sciences ;|vno. 188.|w(CaOODSP)9.505199
85640|qPDF|s1895 KB|uhttps://publications.gc.ca/collections/collection_2026/mpo-dfo/Fs97-14-188-1988-eng.pdf